00512nam a2200169 a 450000500170000000800410001702000180005805000270007610000210010324500870012426000320021130000270024352100090027065000230027965000210030270000190032320140311163040.0111110s19uu xx 00 eng d a9781412975575 aHD 30.5b.Al38854 2010 aAltschuld, James aNeeds assessment :banalysis and prioritization /cJames Altschuld, Jeffrey White. aLos Angeles :bSage,c2010. a119 p.:bill.;c24 cm. aBSBA aStrategic planning aNeeds assessment aWhite, Jeffrey